00463nam a22001457a 4500003000400000020001800004082001800022100001500040245004300055260003800098300000800136942001200144952014400156999001700300SGT a9781639270806 a617.643bO21K aKaley, Ann aOrthodonticsbDiagnosis and treatment  bAmerican Medical Publishersc2021 a207 2ddccBK 00102ddc4070aFDbFDcREFd2023-08-17eAhuja Book Co. Pvt. Ltd. iSGTUo617.643 O21KpFD9051r2023-08-17 00:00:00w2023-06-28yBKk16974 c24771d24771